[Event "Titled Tuesday intern op 02nd Jul Early"]
[Site "Chess.com INT"]
[Date "2024.07.02"]
[Round "4"]
[White "Bazyrtsyrenov, Kirill"]
[Black "Firman, Nazar"]
[Result "0-1"]
[WhiteElo "2284"]
[BlackElo "2472"]
[PlyCount "86"]
[EventDate "2024.07.02"]
[EventType "swiss (blitz)"]
[EventRounds "11"]
[EventCountry "USA"]
[SourceTitle "EXT 2025"]
[Source "ChessBase"]
[SourceDate "2024.10.14"]
[SourceVersion "1"]
[SourceVersionDate "2024.10.14"]
[SourceQuality "1"]

1. e4 c6 2. d4 d5 3. e5 c5 4. dxc5 e6 5. Bd3 Bxc5 6. Qg4 Ne7 7. b4 Bb6 8. Nf3 Ng6 9. h4 Nc6 10. Bb2 d4 11. 0-0 Bc7 12. Nbd2 h5 13. Qe4 Ngxe5 14. Nxe5 Nxe5 15. Bb5+ Bd7 16. Bxd7+ Qxd7 17. Bxd4 Ng4 18. Nf3 0-0-0 19. Bxa7 f5 20. Qe2 e5 21. Bc5 e4 22. Ng5 Rhe8 23. Rad1 Qc6 24. Rxd8+ Rxd8 25. Rd1 Rxd1+ 26. Qxd1 b6 27. Bd4 Qd5 28. a4 Bh2+ 29. Kf1 Be5 30. c3 e3 31. Qf3 Nh2+ 32. Ke2 Nxf3 33. Nxf3 Bxd4 34. Nxd4 exf2 35. Kxf2 Qc4 36. Ne2 Qe4 37. g3 Kb7 38. a5 bxa5 39. bxa5 Ka6 40. Nf4 Kxa5 41. Nxh5 Qc2+ 42. Kg1 Qd1+ 43. Kf2 Qxh5 0-1

[Event "Titled Tuesday intern op 23rd Apr Early"]
[Site "Chess.com INT"]
[Date "2024.04.23"]
[Round "4"]
[White "Bazyrtsyrenov, Kirill"]
[Black "Grandelius, Nils"]
[Result "1/2-1/2"]
[WhiteElo "2284"]
[BlackElo "2664"]
[PlyCount "304"]
[EventDate "2024.04.23"]
[EventType "swiss (blitz)"]
[EventRounds "11"]
[EventCountry "USA"]
[SourceTitle "EXT 2025"]
[Source "ChessBase"]
[SourceDate "2024.10.14"]
[SourceVersion "1"]
[SourceVersionDate "2024.10.14"]
[SourceQuality "1"]

1. e4 c5 2. Nf3 a6 3. d4 cxd4 4. c3 dxc3 5. Nxc3 d6 6. Bc4 Nc6 7. 0-0 Nf6 8. h3 e6 9. Qe2 Be7 10. Rd1 e5 11. Bg5 0-0 12. a4 Be6 13. Bxf6 Bxf6 14. Bd5 Nd4 15. Qd3 Qb6 16. Rab1 Rac8 17. Nxd4 exd4 18. Ne2 Bxd5 19. exd5 Rfe8 20. b4 g6 21. a5 Qa7 22. g3 Re5 23. Nxd4 Rce8 24. Qf3 Kg7 25. b5 axb5 26. Nxb5 Qc5 27. Rdc1 Re1+ 28. Rxe1 Rxe1+ 29. Rxe1 Qxb5 30. Kg2 Qxa5 31. Rb1 b5 32. Qb3 Bd4 33. Qxb5 Qd2 34. Qf1 Bc5 35. Rd1 Qa2 36. Rd3 h5 37. h4 Qc2 38. Rf3 Qe4 39. Qd3 Qe5 40. Qc3 Bd4 41. Qc4 Bc5 42. Rd3 Qe2 43. Qc3+ Kg8 44. Rf3 Qe4 45. Qd3 Qe5 46. Kf1 Qa1+ 47. Ke2 Qe5+ 48. Kd1 Bb4 49. Re3 Qa1+ 50. Ke2 Qe1+ 51. Kf3 Qh1+ 52. Ke2 Qe1+ 53. Kf3 Qh1+ 54. Kf4 Qg2 55. Re8+ Kh7 56. Re2 Bc5 57. Qf3 Qh3 58. Ke4 Kg8 59. Kd3 Qc8 60. Ra2 Qb7 61. Kc2 Qb5 62. Qe4 Qb7 63. Kc1 Qc7 64. Rc2 Qa7 65. Kd1 Qa1+ 66. Ke2 Qf6 67. Kf1 Qa1+ 68. Kg2 Qf6 69. Qf3 Qe5 70. Rc4 Kg7 71. Re4 Qxd5 72. Rf4 Qe6 73. Qc3+ Qe5 74. Qxe5+ dxe5 75. Rc4 Bd4 76. Rc6 f5 77. Rc7+ Kh6 78. Rc6 e4 79. Kf1 Ba7 80. Ke2 Bd4 81. Ra6 Bc5 82. Ra5 Bb6 83. Rb5 Bd4 84. Rd5 Bb6 85. Rd7 Bc5 86. f3 exf3+ 87. Kxf3 Bb6 88. Ke2 Bc5 89. Rd3 Bb6 90. Rf3 Bc7 91. Kd3 Be5 92. Kc4 Kg7 93. Kd5 Kf6 94. Re3 Bc7 95. Kc6 Be5 96. Kd5 Bc7 97. Rc3 Bb8 98. Rb3 Bc7 99. Ra3 f4 100. gxf4 Kf5 101. Kd4 Bxf4 102. Kd3 Bg3 103. Ra4 Bf4 104. Ke2 Kg4 105. Ra6 Kf5 106. Kf3 g5 107. Ra5+ Kg6 108. hxg5 Bxg5 109. Kg3 Bf6 110. Ra6 Kf5 111. Kh3 Kg6 112. Ra5 Kh6 113. Rb5 Kg6 114. Rd5 Kh6 115. Kg3 Kg6 116. Kf4 Bg7 117. Rd6+ Bf6 118. Ke4 Kf7 119. Kf5 Be7 120. Rh6 Kg7 121. Rxh5 Ba3 122. Rh3 Bb2 123. Rh1 Kf7 124. Rh7+ Ke8 125. Ke6 Kd8 126. Rh2 Bc3 127. Rc2 Ba5 128. Rc5 Bb6 129. Rc6 Bc7 130. Ra6 Kc8 131. Kd5 Kb7 132. Rg6 Bb8 133. Kc5 Ba7+ 134. Kb5 Bb8 135. Rg7+ Ka8 136. Kc6 Ba7 137. Rh7 Bb8 138. Rh1 Bf4 139. Rh3 Bb8 140. Rb3 Ba7 141. Kd7 Bb8 142. Kc8 Ba7 143. Rb5 Be3 144. Kc7 Bf4+ 145. Kc6 Bb8 146. Rf5 Ba7 147. Kb5 Bb8 148. Rf7 Ba7 149. Ka6 Bb8 150. Kb6 Bg3 151. Rf8+ Bb8 152. Rxb8+ Kxb8 1/2-1/2

[Event "Titled Tuesday intern op 23rd Apr Late"]
[Site "Chess.com INT"]
[Date "2024.04.23"]
[Round "4"]
[White "Bazyrtsyrenov, Kirill"]
[Black "Radhakrishnan, Sharath"]
[Result "1-0"]
[WhiteElo "2284"]
[BlackElo "1963"]
[PlyCount "51"]
[EventDate "2024.04.23"]
[EventType "swiss (blitz)"]
[EventRounds "11"]
[EventCountry "USA"]
[SourceTitle "CBM 219 Extra"]
[Source "ChessBase"]
[SourceDate "2024.05.31"]
[SourceVersion "1"]
[SourceVersionDate "2024.05.31"]
[SourceQuality "1"]

1. f4 d5 2. Nf3 c5 3. e3 Nf6 4. b3 Nc6 5. Bb5 Bd7 6. Bb2 e6 7. 0-0 Bd6 8. d3 a6 9. Bxc6 Bxc6 10. Nbd2 Qc7 11. Ne5 0-0-0 12. a3 Rhe8 13. b4 cxb4 14. axb4 Bxb4 15. Nb3 Kb8 16. Bd4 Bb5 17. Qb1 Bc3 18. Ra3 Bb4 19. Ra2 Rc8 20. Rc1 Bc3 21. Nc5 Bxd4 22. exd4 Qd6 23. Qb4 Ka7 24. Qxb5 Re7 25. Rca1 Kb8 26. Rxa6 1-0

[Event "Titled Tuesday intern op 23rd Apr Early"]
[Site "Chess.com INT"]
[Date "2024.04.23"]
[Round "2"]
[White "Luong, Phuong Hanh"]
[Black "Bazyrtsyrenov, Kirill"]
[Result "1/2-1/2"]
[WhiteElo "2052"]
[BlackElo "2284"]
[PlyCount "156"]
[EventDate "2024.04.23"]
[EventType "swiss (blitz)"]
[EventRounds "11"]
[EventCountry "USA"]
[SourceTitle "EXT 2025"]
[Source "ChessBase"]
[SourceDate "2024.10.14"]
[SourceVersion "1"]
[SourceVersionDate "2024.10.14"]
[SourceQuality "1"]

1. d4 Nf6 2. Nf3 e6 3. e3 c5 4. Bd3 Nc6 5. 0-0 Qc7 6. c4 Bd6 7. Nc3 a6 8. h3 Rg8 9. d5 Ne7 10. e4 Ng6 11. Re1 Ne5 12. Nxe5 Bxe5 13. Ne2 g5 14. Bd2 h5 15. Bc3 g4 16. h4 Bxc3 17. Nxc3 e5 18. Ne2 d6 19. Ng3 Rh8 20. Qd2 Qe7 21. b4 Qc7 22. bxc5 Qxc5 23. Qg5 Ke7 24. Rab1 b6 25. Kh2 Bd7 26. Rf1 Rhg8 27. Qd2 Rg6 28. Qb2 Rb8 29. Rbe1 Bc8 30. Nf5+ Bxf5 31. exf5 Rgg8 32. g3 Kd7 33. Qd2 Qd4 34. Qh6 Ke7 35. Re3 Rh8 36. Qg5 Rbg8 37. Qf4 Qxf4 38. gxf4 Nd7 39. fxe5 Nxe5 40. Be2 Kf6 41. Kg3 Rc8 42. Rc1 Rc5 43. Rb3 Rb8 44. Rcb1 Nxc4 45. Bxc4 Rxc4 46. Rxb6 Rxb6 47. Rxb6 Ke5 48. Rxa6 Rc3+ 49. Kg2 Kxd5 50. Ra7 f6 51. Rh7 Ke4 52. Rxh5 d5 53. Rh8 d4 54. Re8+ Kxf5 55. Rd8 Rd3 56. h5 Kg5 57. Rd5+ Kh6 58. a4 Rd2 59. a5 d3 60. Kg3 Ra2 61. Kxg4 Rxf2 62. Rxd3 f5+ 63. Kg3 Ra2 64. Rd5 Kg5 65. h6 Kxh6 66. Rxf5 Kg6 67. Rb5 Kf6 68. Kf4 Ke6 69. Rb6+ Kd7 70. a6 Kc7 71. Rh6 Ra4+ 72. Ke5 Kb8 73. Kd5 Ra1 74. Kc5 Ka7 75. Kb5 Rb1+ 76. Kc4 Ra1 77. Rg6 Rxa6 78. Rxa6+ Kxa6 1/2-1/2

[Event "Orsha"]
[Site "Orsha"]
[Date "2023.12.25"]
[Round "8"]
[White "Bazyrtsyrenov, Kirill"]
[Black "Maneluk, Daniil"]
[Result "1/2-1/2"]
[WhiteElo "2284"]
[BlackElo "2256"]
[PlyCount "40"]
[EventDate "2023.12.21"]
[EventType "schev"]
[EventRounds "9"]
[EventCountry "BLR"]
[SourceTitle "EXT 2025"]
[Source "ChessBase"]
[SourceDate "2024.10.14"]
[SourceVersion "1"]
[SourceVersionDate "2024.10.14"]
[SourceQuality "1"]
[BlackTeam "GreenTeam"]

1. e4 e6 2. d4 d5 3. Nc3 Nf6 4. Bg5 h6 5. Bxf6 Qxf6 6. exd5 Bb4 7. Bb5+ c6 8. dxc6 bxc6 9. Be2 0-0 10. a3 Bxc3+ 11. bxc3 Rd8 12. Nf3 c5 13. Qd3 Nc6 14. Qb5 e5 15. dxe5 Nxe5 16. 0-0 Nxf3+ 17. Bxf3 Ba6 18. Qa5 Bxf1 19. Bxa8 Be2 20. Be4 Qd6 1/2-1/2

[Event "Titled Tuesday intern op 03rd Oct Early"]
[Site "Chess.com INT"]
[Date "2023.10.03"]
[Round "1"]
[White "Bazyrtsyrenov, Kirill"]
[Black "Al Saffar, Araz Basim Mohammed"]
[Result "1-0"]
[WhiteElo "2299"]
[BlackElo "2390"]
[PlyCount "125"]
[EventDate "2023.10.03"]
[EventType "swiss (blitz)"]
[EventRounds "11"]
[EventCountry "USA"]
[SourceTitle "EXT 2025"]
[Source "ChessBase"]
[SourceDate "2024.10.14"]
[SourceVersion "1"]
[SourceVersionDate "2024.10.14"]
[SourceQuality "1"]

1. e4 d5 2. exd5 Qxd5 3. Nc3 Qd6 4. d4 c6 5. Bc4 Nf6 6. Nge2 Bg4 7. f3 Bf5 8. Bf4 Qb4 9. Bd3 Bxd3 10. Qxd3 e6 11. 0-0-0 Nbd7 12. g4 Qa5 13. Kb1 Nd5 14. Nxd5 cxd5 15. h4 Be7 16. g5 0-0 17. h5 Qa6 18. Qe3 Nb6 19. b3 Qb5 20. g6 Nc4 21. gxf7+ Rxf7 22. Qxe6 Re8 23. Nc3 Na3+ 24. Kb2 Qc6 25. Qxc6 bxc6 26. Be5 Rxf3 27. Rdg1 Rf7 28. h6 g6 29. Ne2 Nb5 30. Nf4 Ba3+ 31. Ka1 Rxe5 32. Nxg6 Re2 33. Nf4+ Kf8 34. Nxe2 Re7 35. Nf4 Bb4 36. a4 Bc3+ 37. Ka2 Nxd4 38. Rg2 Nf5 39. Nd3 Rf7 40. Rf2 Bd4 41. Rf4 Be3 42. Rf3 Bxh6 43. Rxf5 Rxf5 44. Rxh6 Kg7 45. Rxc6 h5 46. Rc7+ Kg6 47. Rxa7 h4 48. Ra8 h3 49. Rg8+ Kh5 50. Rh8+ Kg4 51. a5 Kg3 52. a6 Rf6 53. Nc5 Rc6 54. a7 Rxc5 55. a8Q Rxc2+ 56. Ka3 h2 57. Qg8+ Kf4 58. Qb8+ Ke4 59. Rxh2 Rc3 60. Qe8+ Kd4 61. Rh4+ Kc5 62. Qc8+ Kd6 63. Qxc3 1-0

[Event "Titled Tuesday intern op 03rd Oct Early"]
[Site "Chess.com INT"]
[Date "2023.10.03"]
[Round "5"]
[White "Bazyrtsyrenov, Kirill"]
[Black "Chigaev, Maksim"]
[Result "1/2-1/2"]
[WhiteElo "2299"]
[BlackElo "2626"]
[PlyCount "129"]
[EventDate "2023.10.03"]
[EventType "swiss (blitz)"]
[EventRounds "11"]
[EventCountry "USA"]
[SourceTitle "EXT 2025"]
[Source "ChessBase"]
[SourceDate "2024.10.14"]
[SourceVersion "1"]
[SourceVersionDate "2024.10.14"]
[SourceQuality "1"]

1. e4 e6 2. d4 d5 3. Nc3 Nf6 4. Bg5 Be7 5. e5 Nfd7 6. Bxe7 Qxe7 7. f4 a6 8. Nf3 c5 9. dxc5 Nc6 10. Bd3 Nxc5 11. 0-0 b5 12. Ne2 Qa7 13. Kh1 Bd7 14. Ned4 Nxd4 15. Nxd4 b4 16. f5 Nxd3 17. Qxd3 exf5 18. Nxf5 Bxf5 19. Qxf5 Qe7 20. e6 fxe6 21. Qe5 Rf8 22. Qh5+ g6 23. Qe5 Kd7 24. a3 Rxf1+ 25. Rxf1 Rf8 26. Re1 bxa3 27. bxa3 Qf6 28. Qe2 e5 29. h3 e4 30. c4 Qf2 31. Qd1 Rf5 32. cxd5 Qc5 33. Qa4+ Kc7 34. Qxe4 Rxd5 35. Qf4+ Qd6 36. Qf7+ Kb6 37. Qxh7 Rd1 38. Qh4 Rxe1+ 39. Qxe1 Qxa3 40. Qb1+ Kc5 41. Qxg6 Qc1+ 42. Kh2 Qf4+ 43. Kg1 a5 44. Qe8 Kb4 45. Qe7+ Kb3 46. h4 Qd4+ 47. Kh2 a4 48. h5 a3 49. h6 Qf4+ 50. Kg1 Qc1+ 51. Kf2 Qxh6 52. Qb7+ Ka2 53. Qd5+ Kb2 54. Qb5+ Ka1 55. Qe5+ Ka2 56. Qd5+ Kb2 57. Qd4+ Kb3 58. Qd3+ Kb4 59. Qd4+ Kb5 60. Qd5+ Ka4 61. Qc4+ Ka5 62. Qc5+ Ka4 63. Qc4+ Ka5 64. Qc5+ Ka4 65. Qc4+ 1/2-1/2

[Event "Titled Tuesday intern op 03rd Oct Early"]
[Site "Chess.com INT"]
[Date "2023.10.03"]
[Round "9"]
[White "Bazyrtsyrenov, Kirill"]
[Black "Melkumyan, Hrant"]
[Result "0-1"]
[WhiteElo "2299"]
[BlackElo "2650"]
[PlyCount "82"]
[EventDate "2023.10.03"]
[EventType "swiss (blitz)"]
[EventRounds "11"]
[EventCountry "USA"]
[SourceTitle "EXT 2025"]
[Source "ChessBase"]
[SourceDate "2024.10.14"]
[SourceVersion "1"]
[SourceVersionDate "2024.10.14"]
[SourceQuality "1"]

1. e4 e5 2. Nf3 Nc6 3. Bc4 Nf6 4. d4 exd4 5. 0-0 Nxe4 6. Re1 d5 7. Bxd5 Qxd5 8. Nc3 Qh5 9. Nxe4 Be7 10. Bg5 Be6 11. Bxe7 Nxe7 12. Nxd4 Bg4 13. f3 Bd7 14. Qd3 0-0-0 15. Nd6+ cxd6 16. Rxe7 Rhe8 17. Rae1 Qh4 18. Rxe8 Rxe8 19. Rxe8+ Bxe8 20. g3 Qf6 21. Kf2 Bd7 22. c3 h6 23. Qc4+ Kb8 24. Qd5 g5 25. Qe4 a6 26. a3 h5 27. h4 gxh4 28. Qxh4 Qh6 29. Qd8+ Bc8 30. f4 Qg6 31. Qe7 Ka8 32. Qd8 Kb8 33. Qe7 h4 34. Qxh4 Qb1 35. Qe7 Qxb2+ 36. Ne2 Qxa3 37. Qf6 a5 38. g4 a4 39. g5 Qc5+ 40. Nd4 a3 41. Qh8 a2 0-1